| 000 | 00810cam a2200289 i 4500 | ||
|---|---|---|---|
| 942 | _cBK | ||
| 999 |
_c534 _d534 |
||
| 001 | 18344075 | ||
| 003 | OSt | ||
| 005 | 20250420134814.0 | ||
| 008 | 141022s2015 nyua 001 0 eng | ||
| 010 | _a 2014041288 | ||
| 020 | _a9780073373812 | ||
| 040 |
_aDLC _beng _cKCST |
||
| 042 | _apcc | ||
| 050 | 0 | 0 |
_aTK2514 _b.P48 2016 |
| 082 | 0 | 0 |
_a621.46 _223 _bPe El |
| 100 | 1 |
_aPetruzella, Frank D. _94853 |
|
| 245 | 1 | 0 |
_aElectric motors and control systems / _cFrank D. Petruzella. |
| 250 | _a2nd edition. | ||
| 260 |
_aNew York, NY : _bMcGraw-Hill Education, _c2016. |
||
| 300 |
_axiii, 306 pages : _billustrations ; _c27 cm |
||
| 500 | _aIncludes index. | ||
| 650 | 0 |
_aElectric motors. _94854 |
|
| 650 | 0 |
_aElectric controllers. _94855 |
|
| 650 | 0 |
_aElectric driving. _94856 |
|
| 942 | _2ddc | ||